| 000 | 00563 a2200169 4500 | ||
|---|---|---|---|
| 999 |
_c2179 _d2179 |
||
| 020 | _a9780072480382 | ||
| 050 | _aHF5387 TAK 2002 | ||
| 100 |
_aNewton, Lisa H. _eeditor |
||
| 245 |
_aTaking Sides : _bClashing views on controversial issues in business ethics and society _cLisa H. Newton & Maureen M. Ford |
||
| 250 | _a7th | ||
| 264 |
_aNew York _bMcGraw- Hill _c2002 |
||
| 300 | _a386p. : | ||
| 500 | _aIncludes bibliographical references and index | ||
| 650 | _aBusiness ethics | ||
| 700 |
_aFord, Maureen M. _eeditor |
||
| 942 |
_2lcc _cBK _e7th ed. _h5387 _iTAK _kHF |
||